000 00520nam a2200193Ia 4500
999 _c10211
_d10211
003 OSt
005 20191230113858.0
008 190216s9999||||xx |||||||||||||| ||und||
020 _a9788120312852
040 _coclc
082 _a330
_bSLO/E
100 _aSloman, John
_9905
245 0 _aEconomics /
_cJohn Sloman
250 _a3rd ed.
260 _bPrentice Hall Of India Pvt Ltd,
_c1998.
_aNew Delhi:
300 _a830p
650 _aEconomics
942 _cBK
_2ddc
_h330
_iSLO/E
_k330
_mSLO/E